Spanish Premier League Managers - Statistics

General Stats
  • This quiz has been taken 16 times
  • The average score is 7 of 15
Answer Stats
Premier League reign Manager % Correct
2004–2010; 2012–2013; 2016; 2017–2019; 2021–2022 Rafael Benítez
93%
2016– Pep Guardiola
87%
2018–2019; 2022– Unai Emery
87%
2019– Mikel Arteta
80%
2015–2016; 2019 Quique Sánchez Flores
60%
2023– Andoni Iraola
53%
2018–2019; 2023 Javi Gracia
47%
2022–2023; 2024–2025 Julen Lopetegui
40%
2009–2013; 2013–2016 Roberto Martínez
33%
2020–2021 Xisco Muñoz
27%
2016–2017 Aitor Karanka
20%
2023 (caretaker) Bruno Saltor
20%
2007–2008 Juande Ramos
20%
2014 Pepe Mel
13%
2022–2023 (caretaker) Rubén Sellés
13%
No matching quizzes found
Score Distribution
Percent of People with Each Score
Percentile by Number Answered
Your Score History
You have not taken this quiz